000 00938cam a22002771 4500
001 11934
003 BD-RjUL
005 20211208235215.0
008 140127s1964 enka b 001 0 eng
035 _a(BD-RjUL)11983
035 _a(OCoLC)338468
040 _aDLC
_cGACCLC
_dOCoLC
_dOClW-H
_dOCoLC
_dUk
_dDLC
_dBD-RjUL
_beng
041 _aeng
082 _a574.5
_bWIP 1964
100 1 _aWilliams, Carrington Bonsor,
_d1889-
_937005
245 1 0 _aPatterns in the balance of nature and related problems in quantitative ecology /
_cCarrington Bonsor Williams
260 _aLondon ;
_aNew York :
_bAcademic Press ,
_cc1964.
300 _avii, 324 p. :
_billus., diagrs. ;
_c23 cm.
504 _aBibliography: p. [299]-306. and index.
650 0 _aEcology.
_937007
650 0 _aAnimal populations.
_937008
942 _2ddc
_cBK
999 _c11934
_d11934